Statistics for Arctic Monkeys Lyrics - Temptation Greets You Like Your Naughty Friend

Click here to take the quiz!

General Stats

  • This quiz has been taken 24 times
    (16 since last reset)
  • The average score is 320 of 389

Answer Stats

Lyrics% Correct
a
100%
be
100%
bed
100%
do
100%
dont
100%
don't
100%
ever
100%
hate
100%
I
100%
me
100%
on
100%
only
100%
Only
100%
show
100%
So
100%
The
100%
the
100%
to
100%
want
100%
when
100%
Yo,
100%
you
100%
your
100%
And
92%
and
92%
are
92%
can
92%
could
92%
end,
92%
friend
92%
friends
92%
friends,
92%
greets
92%
in
92%
it
92%
it's
92%
It's
92%
like
92%
like,
92%
mate
92%
naughty
92%
never
92%
roads
92%
said
92%
See
92%
see
92%
she
92%
Temptation
92%
Temptation,
92%
temptation
92%
temptation,
92%
that
92%
bring
83%
can't
83%
Can't
83%
ends
83%
hands
83%
keep
83%
my
83%
no
83%
one
83%
then
83%
thing
83%
things
83%
used
83%
we
83%
We
83%
we've
83%
where
83%
yourself
83%
But
75%
cul-de-sacs
75%
day
75%
dead
75%
first
75%
get
75%
got
75%
loved
75%
night
75%
not
75%
of
75%
spark
75%
they're
75%
ways
75%
days"
67%
dirtee
67%
fight
67%
fire
67%
haven't
67%
her
67%
If
67%
late
67%
say
67%
seen
67%
set
67%
steal
67%
this
67%
you'll
67%
always
58%
back
58%
bother
58%
Caused
58%
changed
58%
dark
58%
drinking,
58%
hard
58%
held
58%
kind
58%
law
58%
lose
58%
made
58%
madness
58%
"Oh,
58%
part
58%
plan
58%
Rasc'
58%
son
58%
that's
58%
tight,
58%
what
58%
will
58%
-abiding
50%
All
50%
around
50%
charm
50%
correction
50%
done
50%
down
50%
heart
50%
know
50%
mean
50%
off,
50%
panic
50%
phased
50%
pure
50%
robbed,
50%
sight
50%
stole,
50%
switched
50%
talk
50%
thought
50%
very
50%
why
50%
yeah
50%
adds
42%
believe
42%
direction,
42%
Drugs,
42%
fall
42%
fuse,
42%
helps
42%
lights
42%
music
42%
reason
42%
riding
42%
sign
42%
Smoking,
42%
Still
42%
already
33%
drag
33%
exceeding
33%
intrigue
33%
just
33%
pays
33%
Reckless
33%
stankin',
33%
thugs,
33%
area
25%
cauldron
25%
lot
25%
Run
25%
youngsters,
25%
gettin'
17%
naghty
8%

Score Distribution

Percentile by Number Answered

Percent of People with Each Score

Your Score History

You have not taken this quiz since the last reset